Pays colonisés par la France - Statistiques

Statistiques générales
  • Ce quiz a été pris 1 145 fois
    1 026 depuis la dernière actualisation
  • Le résultat moyen est 28 sur 45
Statistiques - réponses
Durée Réponses % Correct
1560-1829, 1832-1962 Algérie
97%
1912-1956 Maroc
94%
1881-1956 Tunisie
89%
1677-1960 Sénégal
85%
1534-1763 Canada
83%
1883-1960 Mali
83%
1875-1960 République du Congo
82%
1562-1565, 1650-1804 Etats-Unis
81%
1858-1954 Vietnam
81%
1890-1960 Niger
75%
1843-1960 Côte d'Ivoire
74%
1918-1960 Cameroun
73%
1891-1958 Guinée
72%
1893-1953 Laos
72%
1902-1960 Mauritanie
71%
1863-1953 Cambodge
70%
1900-1960 Tchad
70%
1918-1960 Togo
70%
1883-1960 Bénin
67%
1627-1804 Haïti
67%
1896-1960 Madagascar
67%
1673-1954 Inde
65%
1849-1949 Chine
63%
1905-1960 République centrafricaine
61%
1896-1960 Burkina Faso
60%
1939-1960 Gabon
60%
1555-1567, 1590-1604, 1610-1615 Brésil
59%
1866-1975 Comores
59%
1920-1946 Liban
59%
1862-1977 Djibouti
57%
1920-1946 Syrie
55%
1715-1810 Ile Maurice
52%
1900-1927 Nigéria
50%
1681-1857 Gambie
49%
1782-1784 Guyana
46%
1795-1809 République dominicaine
44%
1650-1723, 1756-1778, 1784-1803 Sainte Lucie
44%
1756-1810 Seychelles
44%
1625-1763, 1778-1783 Dominique
42%
1628-1690, 1698-1702, 1782-1784 Saint Christophe et Niévès
41%
1719-1763, 1779-1783 Saint Vincent et les Grenadines
41%
1650-1762, 1779-1783 Grenade
36%
1781-1793 Trinité et Tobago
34%
1887-1980 Vanuatu
34%
1880-1882 Papouasie Nouvelle-Guinée
20%
Aucun quiz correspondant
Distribution des résultats
% des personnes avec chaque résultat
Percentile par nombre de réponses
Votre historique - résultats
Vous n’avez pas pris ce quiz depuis la dernière actualisation